000 00437 a2200109 4500
001 ART_41416
005 20260410161842.0
008 260409a
245 1 0 _aLos fundamentos del nuevo modelo de procedimiento administrativo santafesino aprobado por Decreto Acuerdo Nº 4.174/2015
100 1 _aEchen, Diego E.
773 0 _tRAP
_gXI Jornadas Rosarinas de derecho administrativo - Año 39, Nº 462 (mar. 2017)
_wREV5941
999 _c24207
_d24207